Idaho Geography Quiz - Sudden Death - Statistics

General Stats
  • This quiz has been taken 327 times
  • The average score is 10 of 20
Answers on the Grid
Answers color-coded by a green-red scale on the quiz's grid according to % correct below.
Badlands National Park
Bear River
Billings
Boise
Borah Peak
Calgary
Cascade Mountains
Cherokee Nation
Coeur d'Alene
Crater Lake National Park
Craters of the Moon National Monument
Door Peninsula
Duluth
Elko
Gateway Arch National Park
Great Salt Lake
Hells Canyon
Hoover Dam
Idaho Falls
Idaho Panhandle
Jasper National Park
Kootenai River
Lake Pend Oreille
Lewis & Clark National Historic Trail
Mount Rushmore National Park
Nampa
Nez Pierce Reservation
Niagara Falls
Oklahoma Panhandle
Oregon Natonal Historic Trail
Pocatello
Puget Sound
Reno
Rio Grande
Rocky Mountains
Sawtooth Range
Snake River
Twin Falls
Walla Walla
Yellowstone National Park
 
Answer Stats
Answer % Correct
Boise
89%
Idaho Falls
64%
Idaho Panhandle
64%
Coeur d'Alene
59%
Snake River
59%
Lewis & Clark National Historic Trail
54%
Nampa
54%
Pocatello
54%
Twin Falls
54%
Nez Pierce Reservation
49%
Rocky Mountains
48%
Bear River
47%
Borah Peak
47%
Yellowstone National Park
47%
Craters of the Moon National Monument
46%
Hells Canyon
46%
Sawtooth Range
46%
Kootenai River
44%
Lake Pend Oreille
41%
Oregon Natonal Historic Trail
36%
No matching quizzes found
Score Distribution
Percent of People with Each Score
Percentile by Number Answered
Your Score History
You have not taken this quiz